000 00288nam a22001337a 4500
008 170525b xxu||||| |||| 00| 0 eng d
020 _a9783446211216
041 _aeng
080 _a007.52
100 _a26
101 _aIM
245 _aMOBILE ROBOTER
_cHEINEMANN.R
942 _2udc
_cBK
999 _c14280
_d14280